000 00413nam a2200169Ia 4500
008 230524s9999 xx 000 0 und d
020 _a9780070601673
082 _a3.155
_bHAL
100 _aDouglas V Hall
245 0 _aMicroprocessors and Interfacing Rvised
250 _a2ND
260 _aNEW DELHI
_bTMH
_c2009
300 _aX;16.19
500 _aQuantity Number: 10
650 _aComp-Sc
942 _cBK
999 _c44763
_d44763